<?xml version="1.0" encoding="UTF-8"?>
<record
    xmlns:xsi="http://www.w3.org/2001/XMLSchema-instance"
    xsi:schemaLocation="http://www.loc.gov/MARC21/slim http://www.loc.gov/standards/marcxml/schema/MARC21slim.xsd"
    xmlns="http://www.loc.gov/MARC21/slim">

  <leader>02445nam a22003857a 4500</leader>
  <controlfield tag="005">20110804163126.0</controlfield>
  <datafield tag="010" ind1=" " ind2=" ">
    <subfield code="a">ENG-103229  B-458513-517</subfield>
  </datafield>
  <datafield tag="020" ind1=" " ind2=" ">
    <subfield code="a">9788177420876</subfield>
    <subfield code="c">1250.00</subfield>
  </datafield>
  <datafield tag="035" ind1=" " ind2=" ">
    <subfield code="a">EN-86762  B-458513-517</subfield>
  </datafield>
  <datafield tag="037" ind1=" " ind2=" ">
    <subfield code="b">DBAD / PUB</subfield>
  </datafield>
  <datafield tag="037" ind1=" " ind2=" ">
    <subfield code="b">K.K.Pub/Ven</subfield>
  </datafield>
  <datafield tag="082" ind1=" " ind2=" ">
    <subfield code="a">250.0958</subfield>
  </datafield>
  <datafield tag="100" ind1=" " ind2=" ">
    <subfield code="a">Koves, Margit</subfield>
    <subfield code="9">49631</subfield>
  </datafield>
  <datafield tag="245" ind1=" " ind2=" ">
    <subfield code="a">Buddhism among the Turks of Central Asia /</subfield>
    <subfield code="c">by  Margit K&#x151;ves</subfield>
  </datafield>
  <datafield tag="260" ind1=" " ind2=" ">
    <subfield code="a">New Delhi</subfield>
    <subfield code="b">International Academy of Indian Culture and Aditya Prakashan</subfield>
    <subfield code="c">2009</subfield>
  </datafield>
  <datafield tag="270" ind1=" " ind2=" ">
    <subfield code="a">2/18, Ansari Road</subfield>
    <subfield code="b">New Delhi</subfield>
    <subfield code="e">110002</subfield>
  </datafield>
  <datafield tag="300" ind1=" " ind2=" ">
    <subfield code="a">227p. </subfield>
    <subfield code="c">29cm (Hb) </subfield>
  </datafield>
  <datafield tag="490" ind1=" " ind2=" ">
    <subfield code="a">&#x15A;ata-pi&#x1E6D;aka series. Indo-Asian literatures v.626</subfield>
    <subfield code="9">49632</subfield>
  </datafield>
  <datafield tag="500" ind1=" " ind2=" ">
    <subfield code="a">Includes bibliographical references (p. [223]-227).</subfield>
  </datafield>
  <datafield tag="650" ind1=" " ind2=" ">
    <subfield code="a">Buddhism |z Asia, Central |x History.</subfield>
    <subfield code="9">49633</subfield>
  </datafield>
  <datafield tag="650" ind1=" " ind2=" ">
    <subfield code="a">Turkic peoples |x Religion.</subfield>
    <subfield code="9">49634</subfield>
  </datafield>
  <datafield tag="650" ind1=" " ind2=" ">
    <subfield code="a">Buddhist literature, Uighur |z Asia, Central |x History and criticism.</subfield>
    <subfield code="9">49635</subfield>
  </datafield>
  <datafield tag="650" ind1=" " ind2=" ">
    <subfield code="a">Buddhist literature, Turkic |z Asia, Central |x History and criticism.</subfield>
    <subfield code="9">49636</subfield>
  </datafield>
  <datafield tag="650" ind1=" " ind2=" ">
    <subfield code="a">Turkic peoples |z Asia, Central |x History.</subfield>
    <subfield code="9">49637</subfield>
  </datafield>
  <datafield tag="700" ind1=" " ind2=" ">
    <subfield code="9">29871</subfield>
  </datafield>
  <datafield tag="710" ind1=" " ind2=" ">
    <subfield code="a">International Academy of Indian Culture.</subfield>
    <subfield code="9">31347</subfield>
  </datafield>
  <datafield tag="942" ind1=" " ind2=" ">
    <subfield code="2">ddc</subfield>
    <subfield code="c">EN</subfield>
    <subfield code="m">KOV</subfield>
    <subfield code="h">250.0958</subfield>
  </datafield>
  <datafield tag="999" ind1=" " ind2=" ">
    <subfield code="c">54897</subfield>
    <subfield code="d">54897</subfield>
  </datafield>
  <datafield tag="952" ind1=" " ind2=" ">
    <subfield code="0">0</subfield>
    <subfield code="1">0</subfield>
    <subfield code="2">ddc</subfield>
    <subfield code="4">0</subfield>
    <subfield code="7">1</subfield>
    <subfield code="8">NFIC</subfield>
    <subfield code="a">DBAD</subfield>
    <subfield code="b">DBAD</subfield>
    <subfield code="d">2011-08-04</subfield>
    <subfield code="e">DBAD/PUB</subfield>
    <subfield code="g">1250.00</subfield>
    <subfield code="l">0</subfield>
    <subfield code="o">250.0958 KOV</subfield>
    <subfield code="p">EN-86762</subfield>
    <subfield code="r">2011-08-04 00:00:00</subfield>
    <subfield code="t">1</subfield>
    <subfield code="v">1250.00</subfield>
    <subfield code="y">EN</subfield>
  </datafield>
  <datafield tag="952" ind1=" " ind2=" ">
    <subfield code="0">0</subfield>
    <subfield code="1">0</subfield>
    <subfield code="4">0</subfield>
    <subfield code="7">1</subfield>
    <subfield code="8">REF</subfield>
    <subfield code="a">L</subfield>
    <subfield code="b">L</subfield>
    <subfield code="d">2012-06-27</subfield>
    <subfield code="e">K.K.Pub/1683/01.02.2012/25/01.02.2012/06.02.2012</subfield>
    <subfield code="g">1250.00</subfield>
    <subfield code="l">0</subfield>
    <subfield code="o">250.0958 KOV</subfield>
    <subfield code="p">B-458513</subfield>
    <subfield code="r">2012-06-27 00:00:00</subfield>
    <subfield code="t">1 </subfield>
    <subfield code="v">1250.00</subfield>
    <subfield code="w">2012-06-27</subfield>
    <subfield code="y">EN</subfield>
  </datafield>
  <datafield tag="952" ind1=" " ind2=" ">
    <subfield code="0">0</subfield>
    <subfield code="1">0</subfield>
    <subfield code="4">0</subfield>
    <subfield code="7">1</subfield>
    <subfield code="8">REF</subfield>
    <subfield code="a">BL1</subfield>
    <subfield code="b">BL1</subfield>
    <subfield code="d">2012-06-27</subfield>
    <subfield code="e">K.K.Pub/1683/01.02.2012/25/01.02.2012/06.02.2012</subfield>
    <subfield code="g">1250.00</subfield>
    <subfield code="l">0</subfield>
    <subfield code="o">250.0958 KOV</subfield>
    <subfield code="p">B-458514</subfield>
    <subfield code="r">2012-06-27 00:00:00</subfield>
    <subfield code="t">1 </subfield>
    <subfield code="v">1250.00</subfield>
    <subfield code="w">2012-06-27</subfield>
    <subfield code="y">EN</subfield>
  </datafield>
  <datafield tag="952" ind1=" " ind2=" ">
    <subfield code="0">0</subfield>
    <subfield code="1">0</subfield>
    <subfield code="4">0</subfield>
    <subfield code="7">1</subfield>
    <subfield code="8">REF</subfield>
    <subfield code="a">ZLS</subfield>
    <subfield code="b">ZLS</subfield>
    <subfield code="d">2012-06-27</subfield>
    <subfield code="e">K.K.Pub/1683/01.02.2012/25/01.02.2012/06.02.2012</subfield>
    <subfield code="g">1250.00</subfield>
    <subfield code="l">0</subfield>
    <subfield code="o">250.0958 KOV</subfield>
    <subfield code="p">B-458515</subfield>
    <subfield code="r">2012-06-27 00:00:00</subfield>
    <subfield code="t">1 </subfield>
    <subfield code="v">1250.00</subfield>
    <subfield code="w">2012-06-27</subfield>
    <subfield code="y">EN</subfield>
  </datafield>
  <datafield tag="952" ind1=" " ind2=" ">
    <subfield code="0">0</subfield>
    <subfield code="1">0</subfield>
    <subfield code="4">0</subfield>
    <subfield code="7">1</subfield>
    <subfield code="8">REF</subfield>
    <subfield code="a">BL3</subfield>
    <subfield code="b">BL3</subfield>
    <subfield code="d">2012-06-27</subfield>
    <subfield code="e">K.K.Pub/1683/01.02.2012/25/01.02.2012/06.02.2012</subfield>
    <subfield code="g">1250.00</subfield>
    <subfield code="l">0</subfield>
    <subfield code="o">250.0958 KOV</subfield>
    <subfield code="p">B-458516</subfield>
    <subfield code="r">2012-06-27 00:00:00</subfield>
    <subfield code="t">1 </subfield>
    <subfield code="v">1250.00</subfield>
    <subfield code="w">2012-06-27</subfield>
    <subfield code="y">EN</subfield>
  </datafield>
  <datafield tag="952" ind1=" " ind2=" ">
    <subfield code="0">0</subfield>
    <subfield code="1">0</subfield>
    <subfield code="4">0</subfield>
    <subfield code="7">0</subfield>
    <subfield code="8">NFIC</subfield>
    <subfield code="a">BL4</subfield>
    <subfield code="b">BL4</subfield>
    <subfield code="d">2012-06-27</subfield>
    <subfield code="e">K.K.Pub/1683/01.02.2012/25/01.02.2012/06.02.2012</subfield>
    <subfield code="g">1250.00</subfield>
    <subfield code="l">2</subfield>
    <subfield code="o">250.0958 KOV</subfield>
    <subfield code="p">B-458517</subfield>
    <subfield code="r">2019-07-31 00:00:00</subfield>
    <subfield code="s">2019-07-19</subfield>
    <subfield code="t">1 </subfield>
    <subfield code="v">1250.00</subfield>
    <subfield code="y">EN</subfield>
  </datafield>
</record>
